000 01219nam a2200325 4500
001 0000016957
003 CO-CtgCURN
005 20260316191805.0
007 ta
008 160627s1996 000 0 eng d
020 _a8428322880
040 _aCO-CtgCURN
_bspa
_ccoctgcurn
082 0 _a617.63
_bA57t
100 1 _aAntoni Pastor, María de los Angeles.
245 1 0 _aTecnicas de ayuda en odontoestomatología /
_cMaría de los Angeles Antoni Pastor.
260 _aMadrid :
_bParaninfo,
_c1996.
300 _a254 p.
336 _2rdacontent
337 _2rdamedia
_asin mediacion
_bn
338 _2rdacarrier
_avolumen
_bnc
490 1 _aCiencias de la salud
504 _aBibliografia (p. 245 )
505 8 _aDesarrollo embriologico e histologico de los tejido bucodentales.--Anatomía de la cara, boca, y sus anexos.--Sistema dentario : dientes, oclusion, articulamiento.--Atencion al paciente.--Patología bucal.--Equipo dental
590 _aMorfología dental I (Odontología)
650 1 4 _aEnfermedades de la boca.
700 1 _aCasaban Ros, María Elisa.
908 _a160627
942 _cBK
_h617.63
_iA57t
_2ddc
999 _c23319
_d23319